| 000 | 00548nam a22001817a 4500 | ||
|---|---|---|---|
| 003 | CEME | ||
| 005 | 20210628202122.0 | ||
| 008 | 210225b xxu||||| |||| 00| 0 eng d | ||
| 020 | _a0-7506-5092-3 | ||
| 040 | _c. | ||
| 082 | _a629.23 HOD | ||
| 100 |
_aFenton, John Hodkinson, Ron _958345 |
||
| 245 | _aLightweight electric-hybrid vehicle design | ||
| 260 |
_aOXFORD _bBUTTER WORTH _c2001 |
||
| 300 | _aXXX,254P | ||
| 650 |
_aELECTRIC-HYBRID VEHICLE DESIGN VEHICLE DESIGN VEHICLE DESIGN-ELECTRIC VEHICLE DESIGN-HYBRID _958346 |
||
| 942 |
_cBK _2ddc |
||
| 999 |
_c568539 _d568539 |
||